| 000 | 01028nam a2200265 4500 | ||
|---|---|---|---|
| 001 | 114481 | ||
| 003 | DR-UNIBE | ||
| 005 | 20260318152213.0 | ||
| 008 | 260318b2010 dr ||||| |||| 00| 0 spa d | ||
| 020 | _a9789945457285 | ||
| 040 |
_aBIBLIOTECA UNIBE _bspa _cBIBLIOTECA UNIBE |
||
| 041 | _aspa | ||
| 082 |
_222 _aRD 972.93053 D559n |
||
| 100 | 1 |
_aDiederich, Bernard, _d1926-2020 _eautor _9203460 |
|
| 245 | 1 | 3 |
_aNavidad con libertad : _bla lucha por la libertad del pueblo dominicano, 1961 : del cuaderno de un reportero / _cBernard Diederich |
| 246 | 3 | 0 | _aNavidad con libertad |
| 250 | _aPrimera edición | ||
| 260 |
_aSanto Domingo : _bSociedad Dominicana de Bibliófilos, _c2010 |
||
| 300 |
_a317 páginas : _bilustraciones, fotografías (blanco y negro) ; _c23 cm |
||
| 490 |
_aColección Bibliófilos 2000 ; _v30 |
||
| 651 | 7 |
_2lemb _aRepública Dominicana _xHistoria _zEra de Trujillo, 1930-1961 _9195998 |
|
| 700 | 1 |
_aMella, Mariano _epresentación _956191 |
|
| 700 | 1 |
_aVega, Paola _etraductor _9203462 |
|
| 942 |
_2ddc _cBK |
||
| 999 |
_c114481 _d114481 |
||